El libro de la vida agradable / (Registro nro. 14046)
[ vista simple ]
| 000 -LIDER | |
|---|---|
| fixed length control field | 00607cam a22002051 4500 |
| 001 - NÚMERO DE CONTROL | |
| Identificador de número de control | 10288803 |
| 003 - IDENTIFICACDOR DE NÚMERO DE CONTROL | |
| control field | DO-SdBNP |
| 005 - DATE AND TIME OF LATEST TRANSACTION | |
| control field | 20220225124352.0 |
| 008 - ELEMENTOS DE LONGITUD FIJA | |
| fixed length control field | 801114s1958 sp a 000 0 spa |
| 040 ## - FUENTE DE CATALOGACIÓN | |
| Agencia que crea de manera original el registro | BPMSU |
| Idioma de catalogación | spa |
| Agencia que realiza la transcripción | BPMSU |
| 082 ## - NÚMERO DE CLASIFICACIÓN DECIMAL DE DEWEY | |
| Classification number | 868.6 |
| Item number | C591L1958 |
| Edition number | 22 |
| 100 1# - ASIENTO PRINCIPAL -- NOMBRE PERSONAL | |
| Nombre personal | Clarasó, Noel, |
| Fechas asociadas con el nombre | 1902-1985. |
| 245 13 - MENCIÓN DE TITULO | |
| Título | El libro de la vida agradable / |
| Mención de responsabilidad | Noel Clarasó |
| 260 ## - PUBLICACIÓN, DISTRIBUCIÓN, ETC. (PIE DE IMPRENTA) | |
| Lugar de publicación, distribución, etc | Barcelona, |
| Nombre del editor, distribuidor, etc. | Aymá, |
| Fecha de publicación, distribución, etc | 1958 |
| 300 ## - DESCRIPCIÓN FÍSICA | |
| Extensión | ix-xii, 3-508 p. : |
| Otros detalles físicos | illus., ; |
| Dimensiones | 25 cm. |
| 590 ## - NOTA LOCAL | |
| Enlace | inventariado, 2022/VM |
| 650 #4 - ENCABEZAMIENTO DE MATERIA--TEMÁTICO | |
| Término temático o nombre geográfico como elemento de entrada | Literatura española |
| Subdivisión de forma | Colecciones de escritos. |
| 910 ## - VALIDACIÓN | |
| Validación | VMateo V. |
| 942 ## - ADDED ENTRY ELEMENTS (KOHA) | |
| Source of classification or shelving scheme | Dewey Decimal Classification |
| Koha item type | Libros |
| Withdrawn status | Lost status | Source of classification or shelving scheme | Damaged status | Not for loan | Collection code | Home library | Current library | Date acquired | Full call number | Barcode | Date last seen | Price effective from | Koha item type |
|---|---|---|---|---|---|---|---|---|---|---|---|---|---|
| Dewey Decimal Classification | Colección General | Biblioteca Pública Metropolitana Salomé Ureña | Biblioteca Pública Metropolitana Salomé Ureña | 02/25/2022 | BPMSU CG 868.6 C591L 1958 | BPMSU22020056 | 02/25/2022 | 02/25/2022 | Libros |